| 000 | 00592nam a2200193 i 4500 | ||
|---|---|---|---|
| 001 | 129705 | ||
| 003 | ES-MaACL | ||
| 005 | 20250903020416.0 | ||
| 007 | t| | ||
| 008 | 070703s2005 sp ||||1| spa d | ||
| 100 | 1 |
_aZoretti, Ludovic. _9118344 |
|
| 245 | 1 | 0 |
_aLeçons de mathématique générales / _cpar L. Zoretti ; avec une preface de P. Appell. |
| 260 |
_aParis : _bGauthier Villars, _c1914. |
||
| 300 |
_aXVI, 754 p. ; _c22 cm. |
||
| 650 | 1 | 4 |
_aMatemáticas- _vObras de divulgación _914829 |
| 700 | 1 |
_aAppell, Paul. _922111 |
|
| 852 |
_aES-MaACL _jF-369 |
||
| 999 |
_c129705 _d129705 |
||